000 00725nam a2200217 i 4500
001 133661
003 ES-MaACL
005 20251120142342.0
007 t|
008 070824s1973 sp ||||1| spa d
020 _a978-84-292-9272-5
080 _a860 Ortega Munilla, José.1.06
100 1 _aSchmidt, Ruth A.
_9104493
245 1 0 _aOrtega Munilla y sus novelas /
_cRuth A. Schmidt ; [traducción de José Varela Ortega].
260 _aMadrid :
_bRevista de Occidente,
_c1973.
300 _a285 p., 3 h. de lám. ;
_c19 cm.
600 1 4 _aOrtega Munilla, José,
_d1856-1922-
_xCrítica e interpretación
_987478
700 1 _aVarela Ortega, José.
_9113170
852 _aES-MaACL
_jC-53039
999 _c133661
_d133661